01753 2200193 4500001002100000005001500021008004100036020001800077035001900095041000800114082001200122084001800134100001800152245005900170260003200229300003200261520124900293650001701542INLIS00000000000625020200508203501200508||||||||| | ||| |||| ||ind|| a979-3855-26-6 0010-0520006250 aind0 a297.131 a297.131/UWA/H0 aKamil Uwaidah00aHadits Qudsi : Panduan dan Literasi Hadits Qudsi 06629 aJakartabSantabarbarac2002 axxviii, 409p.; 24cm.c24cm. aBuku ini mengupas tentang hadits qudsi yaitu wahyu dari Allah swt yang rasulullah saw terima melalui malaikat Jibril, ilham atau mimpi. Kemudian diungkapakan dengan redaksi Rasulullah pribadi. Jadi, hadits qudsi adalah hadits yang dinisbatkan kepada Allah swt, sedangkan yang lainnya tidak.Banyak hal yang diungkapkan dalam hadits qudsi mulai dari masalah aqidah hingga akhlak. Tentunya menjadi salah satu pedoman bagi umat muslim dalam bertindak dan berperilaku. Buku ini memuat hadits-hadits qudsi yang sebelumnya telah disebutkan didalam literatur hadits al-Muwattha', karya Imam Malik, Shahih Bukhari, shahih Muslim, al-Jami karya Imam Tarmidzi, Sunan Abu Dawud, Sunan An-Nasa'i, serta Sunan Ibnu Majah. Kumpulan hadits qudsi yang diriwayatkan oleh tujuh pakar dan perawi hadits yang terpercaya dalam notulasi sejarah islam ini merupakan salah satu pegangan wajib kita dalam melakukan aktivitas sehari-hari, baik yang berkaitan dengan akidah, ibadah, moral maupun sosial. Tujuan akhirnya agar aktivitas kita dapat sesuai dengan tuntunan al-quran dan hadits sehingga kita berhak untuk mendapatkan garansi Rasulullah SAW bahwa kita tidak akan sesat selama berpegang teguh kepada dua hal yang diwariskan oleh beliau, yaitu al-quran dan hadits. 0aHadits Qudsi